[Event "OHS 2013"]
[Site "?"]
[Date "2013.03.04"]
[Round "5.16"]
[White "Bleich, Karl-Heinz"]
[Black "Kraus, Tanja"]
[Result "1/2-1/2"]
[WhiteElo "1543"]
[BlackElo "1697"]
[PlyCount "51"]
[EventDate "2013.03.05"]
[SourceDate "2013.03.06"]

1. d4 Nf6 2. c4 c5 3. Nf3 cxd4 4. Nxd4 d6 5. e3 g6 6. Bd3 Bg7 7. O-O O-O 8. Qc2
Nc6 9. Bd2 Bd7 10. Bc3 Rc8 11. Nd2 a6 12. Rac1 Re8 13. Ne2 e5 14. Ng3 d5 15.
cxd5 Nxd5 16. Nde4 Qe7 17. a3 Be6 18. Rfd1 Nxc3 19. Qxc3 f5 20. Bc4 fxe4 21.
Nxe4 Red8 22. Bxe6+ Qxe6 23. Ng5 Rxd1+ 24. Rxd1 Nd4 25. Nxe6 Ne2+ 26. Kf1
1/2-1/2

[Event "OHS 2013"]
[Site "Herne"]
[Date "2013.03.04"]
[Round "5.18"]
[White "Klinke, Werner"]
[Black "Grunwald, Günther"]
[Result "1-0"]
[WhiteElo "1844"]
[BlackElo "1569"]
[PlyCount "47"]

1. Nf3 d5 2. g3 e6 3. b3 Nf6 4. Bb2 Be7 5. Bg2 O-O 6. c4 c6 7. O-O
Nbd7 8. d4 b5 9. c5 a5 10. Nbd2 b4 11. Qc2 Ba6 12. Rfe1 Ne8 13. a3 bxa3 14.
Rxa3 Bb5 15. e3 Bf6 16. Rea1 a4 17. bxa4 Ba6 18. Bc3 Rb8 19. a5 Nc7 20. Bf1
Bxf1 21. Kxf1 Nb5 22. R3a2 Nxc5 23. Bb4 Nxd4 24. exd4 1-0

[Event "OHS 2013"]
[Site "?"]
[Date "2013.03.04"]
[Round "5.19"]
[White "Rochol, Jürgen"]
[Black "Säglitz, Patrick"]
[Result "0-1"]
[WhiteElo "1400"]
[BlackElo "1401"]
[PlyCount "124"]
[EventDate "2013.03.04"]
[SourceDate "2013.03.05"]

1. e4 c5 2. Nf3 d6 3. d4 cxd4 4. Nxd4 Nf6 5. Nc3 a6 6. Be2 e5 7. Nb3 Be7 8. O-O
Be6 9. Be3 b5 10. f3 b4 11. Nd5 Nxd5 12. exd5 Bf5 13. Qd2 a5 14. a3 bxa3 15.
Rxa3 a4 16. Na1 O-O 17. b3 Nd7 18. Rxa4 Rxa4 19. bxa4 Qc7 20. Bb5 Nc5 21. Bc6
Bd7 22. Bxd7 Nxd7 23. a5 Nc5 24. Nb3 Na6 25. Ra1 Rc8 26. Rc1 Qc4 27. Qd3 Nb4
28. Qxc4 Rxc4 29. Nd2 Rc3 30. Bb6 Nxd5 31. Bf2 Ra3 32. Nb3 Nb4 33. Be1 Nxc2 34.
Rxc2 Rxb3 35. Rc8+ Bf8 36. a6 Ra3 37. Ra8 Ra4 38. a7 g6 39. Bb4 Kg7 40. Kf2 h5
41. h3 h4 42. Ke1 Ra2 43. Kd1 Be7 44. Kc1 Kf6 45. Kb1 Ra4 46. Kc2 d5 47. Bc3 d4
48. Bb2 Bc5 49. Kd3 Rxa7 50. Rxa7 Bxa7 51. Ke4 Ke6 52. Bc1 Bc5 53. Bd2 Be7 54.
Be1 f5+ 55. Kd3 Kd5 56. g3 e4+ 57. fxe4+ fxe4+ 58. Ke2 Kc4 59. gxh4 e3 60. Ba5
d3+ 61. Kd1 e2+ 62. Kd2 Bxh4 0-1

[Event "OHS 2013"]
[Site "Herne"]
[Date "2013.03.04"]
[Round "5.20"]
[White "Heinz, Hans-Werner"]
[Black "Stenzel, Gerhard"]
[Result "0-1"]
[WhiteElo "1169"]
[BlackElo "1629"]
[PlyCount "64"]

1. e4 d5 2. e5 Bf5 3. d4 e6 4. g3 c5 5. Nf3 Nc6 6. c3 cxd4 7. cxd4
Qb6 8. b3 Bb4+ 9. Bd2 Nxd4 10. Nxd4 Qxd4 11. Bb5+ Ke7 12. O-O Bxd2 13. Nxd2
Qxe5 14. Qc1 Nf6 15. Nf3 Qd6 16. Nd4 Bh3 17. Re1 h6 18. f4 Rhc8 19. Qd2 Kf8 20.
Bd3 Qb6 21. Bf1 Bxf1 22. Kxf1 Ne4 23. Qe3 Rc3 24. Qg1 Rac8 25. Kg2 Rd3 26. Rac1
Rxc1 27. Rxc1 Rxd4 28. Rc8+ Ke7 29. Qc1 Rd2+ 30. Kh3 Qf2 31. Qc7+ Kf6 32. Qd8+
Kg6 0-1

[Event "OHS 2013"]
[Site "?"]
[Date "2013.03.04"]
[Round "5.21"]
[White "Buschmann, Björn"]
[Black "Nioduschewski, Nils"]
[Result "1-0"]
[WhiteElo "1496"]
[BlackElo "1260"]
[PlyCount "71"]
[EventDate "2013.03.05"]
[SourceDate "2013.03.05"]

1. e4 e5 2. Nf3 Nc6 3. Bb5 d6 4. d4 Bd7 5. O-O Nf6 6. Re1 a6 7. Ba4 b5 8. Bb3
Be7 9. h3 O-O 10. c3 h6 11. Nbd2 exd4 12. cxd4 Na5 13. Bc2 Bc6 14. Nf1 Re8 15.
Ng3 Bf8 16. b3 Rc8 17. Qd3 g6 18. Bf4 Ba8 19. Qd2 c5 20. Bxh6 Bxh6 21. Qxh6 Nh7
22. Qd2 Nc6 23. d5 Ne5 24. Nxe5 Rxe5 25. f4 Re8 26. f5 Qg5 27. Qf2 Nf6 28. Rf1
Nh5 29. Nxh5 Qxh5 30. fxg6 Rf8 31. gxf7+ Rxf7 32. Qxf7+ Qxf7 33. Rxf7 Kxf7 34.
Rf1+ Ke7 35. g4 c4 36. b4 1-0

[Event "OHS 2013"]
[Site "?"]
[Date "2013.03.04"]
[Round "5.22"]
[White "Czarnecki, Günter"]
[Black "Kümmel, Hans-Jürgen"]
[Result "1/2-1/2"]
[WhiteElo "1087"]
[BlackElo "1301"]
[PlyCount "73"]
[EventDate "2013.03.05"]
[SourceDate "2013.03.05"]

1. e4 c5 2. Nf3 d6 3. Nc3 Nc6 4. Bc4 Nf6 5. d4 cxd4 6. Nxd4 Bd7 7. Nxc6 Bxc6 8.
f3 a6 9. a3 b5 10. Bd5 Qc7 11. O-O e6 12. Bxc6+ Qxc6 13. Bg5 Be7 14. Qd2 O-O
15. Ne2 Rfe8 16. Kh1 Rac8 17. c3 Nd7 18. Rad1 Bxg5 19. Qxg5 Nf8 20. Qg3 e5 21.
Qf2 Re6 22. Ng3 g6 23. Rde1 Nd7 24. f4 exf4 25. Qxf4 Rf6 26. Qe3 Rxf1+ 27. Rxf1
Ne5 28. Qg5 Qe8 29. Nh5 Nd7 30. Qg4 Rc5 31. Nf6+ Nxf6 32. Rxf6 Re5 33. Rf4 d5
34. h4 Rxe4 35. h5 Rxf4 36. Qxf4 Qe6 37. h6 1/2-1/2

[Event "OHS 2013"]
[Site "?"]
[Date "2013.03.04"]
[Round "5.23"]
[White "Breme, Dietmar"]
[Black "Böcker, Marcus"]
[Result "0-1"]
[WhiteElo "1283"]
[BlackElo "1246"]
[PlyCount "78"]
[EventDate "2013.03.05"]
[SourceDate "2013.03.06"]

1. c4 e6 2. Nc3 b6 3. Nf3 Bb7 4. d4 Bb4 5. a3 Bxc3+ 6. bxc3 Bxf3 7. gxf3 Nf6 8.
e4 d6 9. Bg5 h6 10. Be3 Nfd7 11. Bd3 e5 12. a4 a5 13. f4 Qh4 14. Qf3 c5 15. Kd2
Qf6 16. d5 g5 17. f5 Nf8 18. Rag1 Ng6 19. Bc2 Nd7 20. Kc1 O-O-O 21. Qh5 Nf4 22.
Qf3 Rdg8 23. h4 gxh4 24. Bxf4 exf4 25. Kb2 Rxg1 26. Rxg1 Ne5 27. Qxf4 Nxc4+ 28.
Kb3 Ne5 29. Rh1 c4+ 30. Ka2 Nd3 31. Qe3 Qxc3 32. Bxd3 Qb3+ 33. Ka1 cxd3 34.
Rc1+ Kb7 35. Qd2 Rc8 36. Rxc8 Kxc8 37. Qc1+ Qc2 38. Qxc2+ dxc2 39. Kb2 h3 0-1

[Event "OHS 2013"]
[Site "?"]
[Date "2013.02.25"]
[Round "4.1"]
[White "Zwielich, Frank"]
[Black "Melmer, Felix"]
[Result "1/2-1/2"]
[WhiteElo "1951"]
[BlackElo "1996"]
[PlyCount "47"]
[EventDate "2013.??.??"]
[SourceDate "2013.02.26"]

1. e4 c5 2. Nf3 Nc6 3. d4 cxd4 4. Nxd4 g6 5. c4 Nf6 6. Nc3 d6 7. Be2 Nxd4 8.
Qxd4 Bg7 9. Be3 O-O 10. Qd2 Be6 11. Rc1 Qa5 12. O-O Rfc8 13. b3 a6 14. f3 b5
15. Nd5 Qxd2 16. Bxd2 Nxd5 17. cxd5 Bd4+ 18. Kh1 Bd7 19. Rxc8+ Rxc8 20. Rc1 Rc5
21. g4 Kf8 22. Kg2 Ke8 23. f4 f6 24. Kf3 1/2-1/2

[Event "OHS 2013"]
[Site "?"]
[Date "2013.02.25"]
[Round "4.2"]
[White "Radi, Günther"]
[Black "Bartel, Mario"]
[Result "1/2-1/2"]
[WhiteElo "1959"]
[BlackElo "2101"]
[PlyCount "78"]
[EventDate "2013.??.??"]
[SourceDate "2013.02.26"]

1. d4 Nf6 2. Nf3 g6 3. c4 Bg7 4. Nc3 O-O 5. Bf4 d6 6. e3 Nbd7 7. Be2 Nh5 8. Bg5
h6 9. Bh4 g5 10. Bg3 c5 11. Qd3 f5 12. Nd2 Nxg3 13. hxg3 cxd4 14. exd4 Nf6 15.
Nb3 a5 16. d5 a4 17. Nd4 Qb6 18. Ndb5 Ne4 19. O-O a3 20. b3 Bd7 21. Rac1 Bxb5
22. Nxb5 Be5 23. Kh2 Nxf2 24. Rxf2 Qxf2 25. Rf1 Qc5 26. Rxf5 Bg7 27. Rxf8+ Rxf8
28. Qe4 Qf2 29. Bd3 Rf7 30. Qh7+ Kf8 31. Nc7 Be5 32. Ne6+ Ke8 33. Qg8+ Rf8 34.
Bg6+ Kd7 35. Nxf8+ Kc7 36. Ne6+ Kb6 37. Qd8+ Ka7 38. Qa5+ Kb8 39. Qd8+ Ka7
1/2-1/2

[Event "OHS 2013"]
[Site "?"]
[Date "2013.02.25"]
[Round "4.3"]
[White "Kolakovic, Klaudio"]
[Black "Löffelbein, Klaus"]
[Result "1-0"]
[WhiteElo "2001"]
[BlackElo "1870"]
[PlyCount "71"]
[EventDate "2013.??.??"]
[SourceDate "2013.02.26"]

1. d4 Nf6 2. Nc3 e6 3. e4 d5 4. Bg5 dxe4 5. f3 c5 6. d5 Qb6 7. Bxf6 gxf6 8. Rb1
Be7 9. fxe4 Bd7 10. Nf3 Rg8 11. Nd2 a6 12. Qh5 Bf8 13. Qxh7 Rg6 14. Qh4 Bb5 15.
dxe6 Qxe6 16. Nxb5 axb5 17. Bxb5+ Nc6 18. O-O O-O-O 19. Bc4 Qd7 20. Bd5 Rh6 21.
Qf2 Bd6 22. h3 Nd4 23. Qe3 Rdh8 24. Rf3 Rg6 25. Rbf1 b5 26. Qa3 Nxf3+ 27. Rxf3
Rhg8 28. Qa6+ Kd8 29. Rf2 c4 30. Kf1 Bc5 31. Rxf6 Rxg2 32. Qa8+ Kc7 33. Rc6+
Qxc6 34. Qxc6+ Kd8 35. Qxc5 Rxd2 36. Qd6+ 1-0

[Event "OHS 2013"]
[Site "Herne"]
[Date "2013.02.25"]
[Round "4.4"]
[White "Deutschmann, Jürgen"]
[Black "Trzaska, Peter"]
[Result "0-1"]
[WhiteElo "1536"]
[BlackElo "2075"]
[PlyCount "44"]

1. d4 Nf6 2. c4 e6 3. Nf3 b6 4. Nc3 Bb4 5. a3 Bxc3+ 6. bxc3 Ne4 7.
Qd3 Bb7 8. d5 Nc5 9. Qd1 O-O 10. Be3 Nba6 11. Ne5 d6 12. Bxc5 Nxc5 13. Nd3 exd5
14. Nxc5 dxc5 15. e3 Qf6 16. Qc2 d4 17. e4 Bxe4 18. Bd3 Bxd3 19. Qxd3 Rfe8+ 20.
Kf1 dxc3 21. Rc1 Rad8 22. Qc2 Rd2 0-1

[Event "OHS 2013"]
[Site "?"]
[Date "2013.02.25"]
[Round "4.5"]
[White "Kiese, Matthias"]
[Black "Funke, Eckhard"]
[Result "1/2-1/2"]
[WhiteElo "2125"]
[BlackElo "1859"]
[PlyCount "126"]
[EventDate "2013.??.??"]
[SourceDate "2013.02.26"]

1. d4 d5 2. c4 e6 3. Nc3 Nf6 4. cxd5 exd5 5. Bg5 Be7 6. e3 O-O 7. Qc2 h6 8. Bh4
c6 9. Bd3 b5 10. Nf3 Nfd7 11. Bg3 Bb7 12. O-O a6 13. Rfd1 Qb6 14. Rac1 Nf6 15.
Nh4 Rd8 16. Nf5 Bf8 17. Bh4 Nbd7 18. Qe2 Re8 19. Bg3 c5 20. dxc5 Nxc5 21. Bc2
Nce4 22. Nxe4 dxe4 23. Nd6 Red8 24. Nxb7 Qxb7 25. Bb3 Rxd1+ 26. Qxd1 Rc8 27. h3
a5 28. a3 a4 29. Ba2 Rxc1 30. Qxc1 b4 31. axb4 Qxb4 32. Be5 a3 33. bxa3 Qxa3
34. Qxa3 Bxa3 35. g4 Be7 36. Kg2 Kf8 37. Kg3 Nd7 38. Bc7 g5 39. Bd5 Nf6 40. Bc6
Bc5 41. Bd8 Be7 42. Bb6 Bb4 43. Bd4 Ke7 44. Bxf6+ Kxf6 45. Bxe4 Ke5 46. Bb7 Bd2
47. h4 f6 48. h5 Be1 49. Kf3 Bd2 50. Ke2 Ba5 51. Kd3 Be1 52. f3 Ba5 53. Kc4 Kd6
54. Kd4 Ke7 55. Ke4 Kf7 56. Bc8 Bc7 57. Ba6 Kg7 58. Bc4 Bb8 59. Kf5 Ba7 60. Ke4
Bb8 61. f4 gxf4 62. exf4 Bc7 63. Kf5 Bd6 1/2-1/2

[Event "OHS 2013"]
[Site "Herne"]
[Date "2013.02.25"]
[Round "4.6"]
[White "Wickenfeld, Stefan"]
[Black "Müller-Kreth, Kai"]
[Result "1/2-1/2"]
[WhiteElo "2073"]
[BlackElo "1795"]
[PlyCount "21"]

1. e4 c5 2. Nf3 d6 3. d4 cxd4 4. Nxd4 Nc6 5. Nc3 Nf6 6. Be3 Bd7 7.
Bc4 e6 8. O-O a6 9. a4 Rc8 10. Bb3 Be7 11. f4 1/2-1/2

[Event "OHS 2013"]
[Site "?"]
[Date "2013.02.25"]
[Round "4.7"]
[White "Klüting, Reiner"]
[Black "Winterkamp, Sascha"]
[Result "1/2-1/2"]
[WhiteElo "1887"]
[BlackElo "1956"]
[PlyCount "43"]
[EventDate "2013.??.??"]
[SourceDate "2013.02.26"]

1. e4 c5 2. Nf3 d6 3. d4 cxd4 4. c3 d3 5. c4 Nf6 6. Nc3 g6 7. Bxd3 Nbd7 8. O-O
Bg7 9. Bg5 h6 10. Bh4 Nc5 11. Bc2 Bg4 12. h3 Be6 13. Qe2 Nfd7 14. Rad1 g5 15.
Bg3 Bxc3 16. bxc3 Qa5 17. e5 dxe5 18. Bxe5 Nxe5 19. Qxe5 Rf8 20. Nd4 O-O-O 21.
Nxe6 fxe6 22. Rxd8+ 1/2-1/2

[Event "OHS 2013"]
[Site "?"]
[Date "2013.02.25"]
[Round "4.8"]
[White "Markert, Dirk, Dr."]
[Black "Fischöder, Heiko"]
[Result "1-0"]
[WhiteElo "1846"]
[BlackElo "1939"]
[PlyCount "123"]
[SourceDate "2013.02.26"]

1. e4 c5 2. Nc3 Nc6 3. g3 g6 4. Bg2 Bg7 5. d3 Rb8 6. Be3 d6 7. Qd2 e6 8. Nf3
Nd4 9. Bxd4 cxd4 10. Nb5 Qb6 11. Qb4 Kd7 12. Qb3 a6 13. Nbxd4 Qxb3 14. axb3 Ne7
15. c3 b5 16. b4 Bb7 17. O-O h6 18. h4 Rhf8 19. Rfe1 e5 20. Nb3 Kc7 21. d4 Nc6
22. Rad1 Rbd8 23. Na5 Bc8 24. Nxc6 Kxc6 25. d5+ Kb6 26. Nd2 f5 27. f3 Bf6 28.
Kh2 f4 29. Bh3 fxg3+ 30. Kxg3 Be7 31. Bxc8 Rxc8 32. Rh1 Rf4 33. h5 gxh5 34.
Rxh5 Bg5 35. Rdh1 Rf6 36. Nb3 Be3 37. R5h4 Rcf8 38. Rf1 Rg6+ 39. Rg4 Bf4+ 40.
Kh3 Rgf6 41. Rg7 R8f7 42. Rxf7 Rxf7 43. Na5 Rg7 44. Rf2 Rg3+ 45. Kh4 Rg1 46.
Rc2 Kc7 47. c4 bxc4 48. Rxc4+ Kd7 49. Rc6 Rh1+ 50. Kg4 h5+ 51. Kf5 h4 52. Rxa6
h3 53. Ra7+ Kc8 54. b5 Be3 55. Rh7 h2 56. Ke6 Bc5 57. Nc4 Rc1 58. Nxd6+ Bxd6
59. Rxh2 Bb8 60. d6 Kb7 61. Rd2 Rc8 62. Ke7 1-0

[Event "OHS 2013"]
[Site "?"]
[Date "2013.02.25"]
[Round "4.9"]
[White "Göldenboog, Jürgen"]
[Black "Gorzinski, Dariusz"]
[Result "1-0"]
[WhiteElo "1840"]
[BlackElo "1923"]
[PlyCount "65"]
[EventDate "2013.02.26"]
[SourceDate "2013.02.26"]

1. d4 d5 2. c4 c6 3. Nf3 Nf6 4. Nc3 dxc4 5. e4 b5 6. a4 b4 7. Na2 Nxe4 8. Bxc4
e6 9. O-O Be7 10. Re1 Nf6 11. Bg5 a5 12. Ne5 O-O 13. Qb3 Nd5 14. Bxe7 Nxe7 15.
Rad1 Nd5 16. Nc1 Qb6 17. Ncd3 Nd7 18. Nxd7 Bxd7 19. Ne5 Ra7 20. Qh3 Bc8 21. Bd3
g6 22. Qh6 Ne7 23. Re3 Nf5 24. Bxf5 exf5 25. Rh3 f6 26. Nxg6 Re8 27. Nf4 Rg7
28. Nh5 Ree7 29. Nxg7 Rxg7 30. Rg3 Rg4 31. Rxg4+ fxg4 32. Qxf6 Qa6 33. Re1 1-0

[Event "OHS 2013"]
[Site "?"]
[Date "2013.02.25"]
[Round "4.10"]
[White "Schmidt, Ralph"]
[Black "Barth, Hans-Joachim"]
[Result "1-0"]
[WhiteElo "1898"]
[BlackElo "1695"]
[PlyCount "83"]
[EventDate "2013.??.??"]
[SourceDate "2013.02.26"]

1. e4 e5 2. Nf3 d6 3. Bc4 Be7 4. h3 Nf6 5. d3 O-O 6. Nc3 Nc6 7. a3 Nd4 8. Be3
Be6 9. Bxd4 Bxc4 10. dxc4 exd4 11. Nxd4 c5 12. Nf5 Re8 13. Nxe7+ Qxe7 14. f3
Nh5 15. Qd2 Ng3 16. Rg1 Qe5 17. O-O-O Rad8 18. Rge1 a6 19. Qf2 Qf4+ 20. Kb1 Re6
21. Qxc5 Qf6 22. Nd5 Qh4 23. Qa7 f5 24. exf5 Rxe1 25. Rxe1 Nxf5 26. Re4 Qg3 27.
Rg4 Qe1+ 28. Ka2 Qd2 29. Qxb7 h5 30. Ne7+ Nxe7 31. Qxe7 hxg4 32. Qxd8+ Kh7 33.
Qh4+ Kg8 34. fxg4 Qxc2 35. g5 Qxg2 36. Qf4 Qc2 37. Qg4 Kh7 38. g6+ Kh6 39. h4
Qxg6 40. Qxg6+ Kxg6 41. b4 Kf6 42. b5 1-0

[Event "OHS 2013"]
[Site "?"]
[Date "2013.02.25"]
[Round "4.11"]
[White "Mancic, Ivan"]
[Black "Klinke, Werner"]
[Result "1-0"]
[WhiteElo "2086"]
[BlackElo "1844"]
[PlyCount "128"]
[EventDate "2013.??.??"]
[SourceDate "2013.02.26"]

1. d4 d5 2. c4 e6 3. Nf3 Nf6 4. e3 Bb4+ 5. Nbd2 Nbd7 6. Bd3 c6 7. O-O Nf8 8.
Ne5 Ng6 9. f4 Bxd2 10. Bxd2 Qc7 11. Bb4 dxc4 12. Nxc4 Ne7 13. Nd6+ Kf8 14. Ba3
g6 15. Qe1 Kg7 16. Qh4 Nf5 17. Nxf5+ exf5 18. e4 Qd8 19. e5 Nd5 20. Qf2 Be6 21.
Rad1 Rc8 22. Bc4 Nxf4 23. Qxf4 Bxc4 24. Rfe1 Be6 25. b3 h6 26. Bc1 Rc7 27. Ba3
Rd7 28. Bd6 Qg5 29. Qf2 Re8 30. Bb4 Red8 31. Bd6 Re8 32. Ba3 Red8 33. Bc1 Qe7
34. Qe3 Rh8 35. d5 Rxd5 36. Rxd5 Bxd5 37. e6 f6 38. Qxa7 Be4 39. Ba3 Qxe6 40.
Qxb7+ Qf7 41. Qxf7+ Kxf7 42. Bc5 Rd8 43. Re2 Rd5 44. b4 Rd1+ 45. Kf2 Ra1 46. g4
g5 47. gxf5 Bxf5 48. Re7+ Kg6 49. Ra7 Be6 50. a4 Bb3 51. a5 Bc4 52. Rc7 Bd5 53.
Ke3 f5 54. Rd7 f4+ 55. Kd4 Rd1+ 56. Ke5 Re1+ 57. Kd6 Ra1 58. Kc7 h5 59. Kb6 Bc4
60. Kxc6 f3 61. Rd4 Be2 62. Rd6+ Kf5 63. Kb6 g4 64. Rd5+ Kg6 1-0

[Event "OHS 2013"]
[Site "?"]
[Date "2013.02.25"]
[Round "4.12"]
[White "Wolff, Christoph"]
[Black "Schäfer, Michael"]
[Result "1/2-1/2"]
[WhiteElo "2000"]
[BlackElo "1660"]
[PlyCount "66"]
[EventDate "2013.??.??"]
[SourceDate "2013.02.26"]

1. e4 e5 2. Nc3 Nc6 3. g3 Bc5 4. Bg2 d6 5. Nge2 Nf6 6. O-O a6 7. h3 O-O 8. Kh2
b5 9. d3 Bd7 10. Bg5 h6 11. Bxf6 Qxf6 12. Nd5 Qd8 13. f4 Ne7 14. Ndc3 Nc6 15.
f5 b4 16. Nd5 Ne7 17. Nxe7+ Qxe7 18. Ng1 f6 19. Nf3 Be8 20. Nh4 Bf7 21. Bf3 Bd4
22. Qc1 Rab8 23. c3 bxc3 24. bxc3 Bc5 25. Qc2 Rb6 26. Rab1 Rfb8 27. Rxb6 Rxb6
28. Rb1 Qe8 29. Rxb6 cxb6 30. Be2 Qc8 31. d4 Bxd4 32. Bxa6 Qxc3 33. Qxc3 Bxc3
1/2-1/2

[Event "OHS 2013"]
[Site "?"]
[Date "2013.02.25"]
[Round "4.13"]
[White "Ribbeheger, Edgar"]
[Black "Bleich, Karl-Heinz"]
[Result "1/2-1/2"]
[WhiteElo "1986"]
[BlackElo "1543"]
[PlyCount "74"]
[EventDate "2013.??.??"]
[SourceDate "2013.02.26"]

1. d4 Nf6 2. c4 g6 3. Nc3 Bg7 4. e4 d6 5. Nf3 O-O 6. Be2 Nbd7 7. O-O e5 8. d5
Nc5 9. Nd2 a5 10. Qc2 Ne8 11. Nb3 f5 12. Nxc5 dxc5 13. Be3 b6 14. f3 f4 15. Bf2
Nd6 16. b3 Rf7 17. Na4 Bf8 18. Nb2 Qf6 19. Nd3 Bd7 20. a4 g5 21. g4 h5 22. h3
hxg4 23. hxg4 Rh7 24. Kg2 Be7 25. Rh1 Rf8 26. Rxh7 Kxh7 27. Rh1+ Kg7 28. Rh3
Rh8 29. Rxh8 Kxh8 30. Be1 Nf7 31. Qc3 Bd6 32. Bf2 Qh6 33. Qe1 Qg6 34. Bd1 Bxg4
35. Nxc5 bxc5 36. fxg4 Qxe4+ 37. Bf3 Qc2 1/2-1/2

[Event "OHS 2013"]
[Site "?"]
[Date "2013.02.25"]
[Round "4.14"]
[White "Scheibe, Werner"]
[Black "Reinholz, Benjamin"]
[Result "0-1"]
[WhiteElo "1864"]
[BlackElo "1963"]
[PlyCount "82"]
[EventDate "2013.??.??"]
[SourceDate "2013.02.26"]

1. e4 e5 2. Nf3 Nc6 3. Bb5 d6 4. O-O Bd7 5. c3 Nf6 6. Re1 Be7 7. d4 O-O 8. d5
Na5 9. Bxd7 Nxd7 10. Qa4 b6 11. b4 Nb7 12. Qa6 Qc8 13. Nbd2 c5 14. Nf1 f5 15.
exf5 Rxf5 16. Ng3 Rf7 17. Ne4 h6 18. h3 Nf6 19. Nxf6+ Bxf6 20. Bd2 Qf5 21. Qe2
Raf8 22. Qe4 Qd7 23. a3 Nd8 24. c4 Re7 25. b5 Nf7 26. Bc1 Bg5 27. Nxg5 Nxg5 28.
Bxg5 hxg5 29. Qc2 g4 30. Re3 Ref7 31. Rae1 Rxf2 32. Qxf2 Rxf2 33. Kxf2 Qf5+ 34.
Kg1 Qc2 35. Re4 g3 36. R4e3 Qxc4 37. Rxg3 Qxd5 38. Ree3 c4 39. Rg6 Qd4 40. Kf2
c3 41. Rg4 Qc5 0-1

[Event "OHS 2013"]
[Site "Herne"]
[Date "2013.02.25"]
[Round "4.15"]
[White "Wloczek, Josef"]
[Black "Nagel, Frank"]
[Result "1/2-1/2"]
[WhiteElo "1919"]
[BlackElo "1585"]
[PlyCount "56"]

1. e4 d5 2. exd5 Qxd5 3. Nc3 Qa5 4. d4 Nf6 5. Bd3 Bf5 6. Nge2 Nbd7
7. O-O c6 8. Bf4 e6 9. a3 Bxd3 10. Qxd3 Be7 11. Ng3 Qd8 12. Nce2 O-O 13. Rfd1
c5 14. Qf3 Qb6 15. dxc5 Bxc5 16. b4 Be7 17. c4 Rfc8 18. c5 Qc6 19. Qxc6 Rxc6
20. Nd4 Rcc8 21. Nb5 Nd5 22. Nc7 N7f6 23. Nxd5 Nxd5 24. Be5 a5 25. Ne4 axb4 26.
axb4 Rxa1 27. Rxa1 Nxb4 28. Nd6 Rxc5 1/2-1/2

[Event "OHS 2013"]
[Site "?"]
[Date "2013.02.25"]
[Round "4.16"]
[White "Kümmel, Hans-Jürgen"]
[Black "Wiese, Thomas"]
[Result "0-1"]
[WhiteElo "1301"]
[BlackElo "1753"]
[PlyCount "74"]
[EventDate "2013.??.??"]
[SourceDate "2013.02.26"]

1. Nf3 Nf6 2. c4 c6 3. d4 d5 4. e3 Bg4 5. Nc3 e6 6. Be2 Nbd7 7. a3 Be7 8. O-O
O-O 9. cxd5 exd5 10. Ne5 Bxe2 11. Qxe2 Nxe5 12. dxe5 Nd7 13. b4 Nxe5 14. f4 Nd7
15. Bb2 Bf6 16. Nd1 Bxb2 17. Qxb2 Qf6 18. Qxf6 Nxf6 19. Nc3 Rfe8 20. Rae1 Ne4
21. Nxe4 Rxe4 22. Kf2 Rae8 23. g3 Kf8 24. Kf3 d4 25. Kg4 dxe3 26. Re2 Rd4 27.
Kf3 Rd3 28. Ra1 f5 29. a4 Re4 30. b5 c5 31. h4 c4 32. g4 g6 33. a5 c3 34. b6 a6
35. Raa2 Rd2 36. Rc2 Rxc2 37. Rxc2 e2 0-1

[Event "OHS 2013"]
[Site "?"]
[Date "2013.02.25"]
[Round "4.17"]
[White "Kraus, Tanja"]
[Black "Heinz, Hans-Werner"]
[Result "1-0"]
[WhiteElo "1697"]
[BlackElo "1543"]
[PlyCount "59"]
[EventDate "2013.??.??"]
[SourceDate "2013.02.26"]

1. e4 e5 2. Nf3 Nc6 3. Bb5 Nf6 4. O-O Bd6 5. Re1 O-O 6. d4 Re8 7. Bg5 h6 8. Bh4
a6 9. Bxc6 dxc6 10. dxe5 g5 11. Bg3 g4 12. Nh4 Nh5 13. exd6 Nxg3 14. fxg3 cxd6
15. Nc3 Qb6+ 16. Kh1 Qxb2 17. Qd2 Re6 18. Nf5 Kh7 19. Qd4 Rg6 20. Rab1 Qa3 21.
Ne7 c5 22. Qd3 Re6 23. Nxc8 Rxc8 24. Rxb7 Kg8 25. Qc4 Rce8 26. Nd5 Qa5 27. Rf1
Rf8 28. Nf6+ Kg7 29. Nxg4 h5 30. Qxe6 1-0

[Event "OHS 2013"]
[Site "Herne"]
[Date "2013.02.25"]
[Round "4.18"]
[White "Sikorski, Thomas"]
[Black "Czarnecki, Günther"]
[Result "1-0"]
[WhiteElo "1656"]
[BlackElo "1987"]
[PlyCount "55"]

1. c4 e5 2. Nc3 Nc6 3. Nf3 Bb4 4. Nd5 Be7 5. e4 Nf6 6. d3 Nxd5 7.
cxd5 Nd4 8. Nxe5 d6 9. Qa4+ Nc6 10. dxc6 b6 11. Nd7 Bxd7 12. cxd7+ Qxd7 13.
Qxd7+ Kxd7 14. Bd2 c5 15. Bc3 f6 16. f4 Rae8 17. d4 cxd4 18. Bb5+ Kc7 19. Bxe8
dxc3 20. Bb5 cxb2 21. Rb1 d5 22. Rxb2 dxe4 23. f5 Bc5 24. Ke2 Rd8 25. Rd1 Bd6
26. Rc2+ Bc5 27. Rxd8 Kxd8 28. Rd2+ 1-0

[Event "OHS 2013"]
[Site "?"]
[Date "2013.02.25"]
[Round "4.19"]
[White "Nioduschewski, Nils"]
[Black "Steinke, Hans-Jörg"]
[Result "0-1"]
[WhiteElo "1260"]
[BlackElo "1640"]
[PlyCount "90"]
[EventDate "2013.??.??"]
[SourceDate "2013.02.26"]

1. c4 e6 2. Nc3 Nf6 3. Nf3 d5 4. e3 Nbd7 5. d4 c6 6. Be2 Be7 7. O-O O-O 8. b3
Qc7 9. Bb2 a6 10. Rc1 Re8 11. cxd5 exd5 12. Re1 Bd6 13. g3 Nb6 14. Nh4 Ne4 15.
Bg4 Nxc3 16. Bxc3 Re4 17. f4 Bxg4 18. Qxg4 Rae8 19. Nf5 Bf8 20. Qf3 Qc8 21. Nh4
Qh3 22. Bd2 Nd7 23. Qg2 Qxg2+ 24. Kxg2 Nf6 25. Nf3 Ng4 26. Ne5 Nxe3+ 27. Rxe3
Rxe3 28. Bxe3 f6 29. Ng4 h5 30. Nxf6+ gxf6 31. Kf3 f5 32. h3 Re4 33. Rc3 Bg7
34. Rd3 Kf7 35. g4 fxg4+ 36. hxg4 hxg4+ 37. Kxg4 Kg6 38. b4 Re8 39. f5+ Kf7 40.
Kg5 Re4 41. Bf4 Bf6+ 42. Kg4 Bxd4 43. Rh3 Be5 44. Rf3 Rxb4 45. Kg5 Bxf4+ 0-1

[Event "OHS 2013"]
[Site "Herne"]
[Date "2013.02.25"]
[Round "4.21"]
[White "Grunwald, Günther"]
[Black "Breme, Dietmar"]
[Result "1-0"]
[WhiteElo "1569"]
[BlackElo "1283"]
[PlyCount "77"]

1. e4 d6 2. d4 Nf6 3. Nc3 g6 4. Nf3 Bg7 5. Be2 O-O 6. O-O c5 7.
dxc5 dxc5 8. Qxd8 Rxd8 9. Be3 b6 10. Rfd1 Rf8 11. h3 Ba6 12. Bxa6 Nxa6 13. e5
Ne8 14. a3 e6 15. Nb5 f6 16. exf6 Nxf6 17. c3 Nd5 18. Rab1 Bf6 19. Bh6 Rfd8 20.
c4 Ndc7 21. Nd6 Be7 22. Ne4 Ne8 23. Ne5 Nf6 24. Ng5 Rac8 25. Nxe6 Re8 26. Ng5
Nb8 27. Nef7 Rc6 28. Ne5 Rcc8 29. Ne6 Nc6 30. Nd7 Nxd7 31. Rxd7 Bf8 32. Nxf8
Rxf8 33. Bxf8 Rxf8 34. Rc7 Nd4 35. Re1 Rf7 36. Re8+ Kg7 37. Ree7 Rxe7 38. Rxe7+
Kh6 39. Rxa7 1-0

[Event "OHS 2013"]
[Site "?"]
[Date "2013.02.25"]
[Round "4.22"]
[White "Säglitz, Patrick"]
[Black "Milk, Joshua"]
[Result "1-0"]
[WhiteElo "1401"]
[BlackElo "1192"]
[PlyCount "106"]
[EventDate "2013.??.??"]

1. e4 e5 2. Nf3 Nc6 3. Bc4 Nd4 4. Nxd4 exd4 5. d3 c6 6. Qf3 Qf6 7. Qxf6 Nxf6 8.
O-O d5 9. exd5 cxd5 10. Bb5+ Bd7 11. Bxd7+ Kxd7 12. Re1 Bd6 13. Bg5 Ng4 14. h3
h6 15. Bh4 Rhe8 16. Nd2 Ne5 17. Bg3 Nc6 18. Bxd6 Kxd6 19. Nf3 Re7 20. Rxe7 Kxe7
21. Re1+ Kd7 22. Ne5+ Nxe5 23. Rxe5 Kd6 24. f4 Rc8 25. Re2 f5 26. Kf2 Rc7 27.
Kf3 h5 28. g4 Re7 29. Rxe7 Kxe7 30. gxh5 Kf6 31. Kg3 Ke6 32. Kh4 Kf6 33. Kg3
Ke7 34. b4 Ke6 35. Kf2 Kf6 36. Ke2 b5 37. Kd2 g5 38. hxg6 Kxg6 39. c4 dxc4 40.
dxc4 bxc4 41. a4 Kh5 42. b5 Kh4 43. a5 Kg3 44. b6 axb6 45. axb6 Kxf4 46. b7 Ke4
47. b8=Q f4 48. Qe8+ Kf3 49. Qc6+ Kg3 50. Qxc4 Kxh3 51. Qxd4 Kg3 52. Qg1+ Kf3
53. Qg5 Ke4 1-0